| 000 | 00983 a2200241 4500 | ||
|---|---|---|---|
| 005 | 2008082604204.0 | ||
| 008 | 080826t xxu||||| |||| 00| 0 eng d | ||
| 010 | _aENG-87240 | ||
| 020 |
_a9788184500257 _c2250.00 |
||
| 035 | _aEN-70773 | ||
| 037 | _bDBAD / PUB | ||
| 082 | _a658.4012 | ||
| 245 |
_aStrategic business management _cedited by K.N.S. Kang, Gautam Bansal [and] Sandhir Sharma _bcreating competitive advantage in global economy |
||
| 260 |
_aNew Delhi _bDeep & Deep Publications _c2007 |
||
| 270 |
_aF-159, Rajouri Garden _bNew Delhi _e110 027 |
||
| 300 |
_axii, 627p. _c24cm (Hb ) |
||
| 500 | _aIncludes bibliographical references and index | ||
| 700 | _aKang, K.N.S. | ||
| 700 | _aBansal, Gautam | ||
| 700 | _aSharma, Sandhir | ||
| 942 |
_adpl _cEN _k658.4012 / STR _2ddc _h658.4012 _mSTR |
||
| 999 |
_c6269 _d6269 |
||